Famous Poles by Picture - Statistics

General Stats
  • This quiz has been taken 105 times
    48 since last reset
  • The average score is 8 of 16
Answer Stats
Picture Hint Answer % Correct
1920–2005 Pope John Paul II
83%
1988– Robert Lewandowski
78%
1810–1849 Frédéric Chopin
76%
1933– Roman Polanski
73%
1943– Lech Wałęsa
71%
1957– Donald Tusk
68%
1949–2010 Lech Kaczyński
49%
2001– Iga Świątek
46%
1867–1935 Józef Piłsudski
41%
1987– Kamil Stoch
39%
1921–2006 Stanisław Lem
32%
1629–1696 John III Sobieski
29%
1962– Olga Tokarczuk
27%
1838–1893 Jan Matejko
22%
1926–2016 Andrzej Wajda
17%
1884–1967 Casimir Funk
10%
No matching quizzes found
Score Distribution
Percent of People with Each Score
Percentile by Number Answered
Your Score History
You have not taken this quiz since the last reset